| 000 | 00425nam a2200193Ia 4500 | ||
|---|---|---|---|
| 005 | 20240823034624.0 | ||
| 008 | 240823s9999||||xx |||||||||||||| ||und|| | ||
| 020 | _a81-7130-007-3 | ||
| 041 | _aMALAYALAM | ||
| 082 | _A894.8123 Q0 | ||
| 100 | _aSukumaran M | ||
| 245 | 0 | _aSeshakriya | |
| 250 | _a1st | ||
| 260 |
_c2010 _b"D C Books,Kot" |
||
| 500 | _aYES | ||
| 650 |
_aNovel _bEnglish |
||
| 942 | _cBK | ||
| 999 |
_c198712 _d198712 |
||